Lai tạo, khảo sát khả năng sinh trưởng và phát triển của các dòng dưa hấu tam bội : Luận văn tốt nghiệp cao học. Ngành Khoa học cây trồng
Nội dung gồm khảo sát khả năng sinh trưởng và phát triển của các giống dưa hấu tứ bội; lai tạo hạt lai tam bội vfa khảo sát khả năng sinh trưởng và phát triển của các dòng dưa hấu tam bội.
Gespeichert in:
| 1. Verfasser: | |
|---|---|
| Format: | Buch |
| Sprache: | Undetermined |
| Veröffentlicht: |
Cần Thơ
Đại học Cần Thơ
2014
|
| Schlagworte: | |
| Tags: |
Tag hinzufügen
Keine Tags, Fügen Sie den ersten Tag hinzu!
|
| Thư viện lưu trữ: | Trung tâm Học liệu Trường Đại học Cần Thơ |
|---|
| LEADER | 01145nam a2200229Ia 4500 | ||
|---|---|---|---|
| 001 | CTU_189012 | ||
| 008 | 210402s9999 xx 000 0 und d | ||
| 082 | |a 635.615 | ||
| 082 | |b Tr120 | ||
| 088 | |a 606201 | ||
| 100 | |a Nguyễn, Thị Bích Trâm | ||
| 245 | 0 | |a Lai tạo, khảo sát khả năng sinh trưởng và phát triển của các dòng dưa hấu tam bội : | |
| 245 | 0 | |b Luận văn tốt nghiệp cao học. Ngành Khoa học cây trồng | |
| 245 | 0 | |c Nguyễn Thị Bích Trâm ; Lâm Ngọc Phương (hướng dẫn) | |
| 260 | |a Cần Thơ | ||
| 260 | |b Đại học Cần Thơ | ||
| 260 | |c 2014 | ||
| 520 | |a Nội dung gồm khảo sát khả năng sinh trưởng và phát triển của các giống dưa hấu tứ bội; lai tạo hạt lai tam bội vfa khảo sát khả năng sinh trưởng và phát triển của các dòng dưa hấu tam bội. | ||
| 650 | |a Dưa hấu | ||
| 650 | |x Khả năng sinh trưởng | ||
| 904 | |i Qhieu, Cao Thị Mỹ | ||
| 980 | |a Trung tâm Học liệu Trường Đại học Cần Thơ | ||